Andrología práctica (Record no. 139809)

MARC details
000 -LEADER
campo de control de longitud fija 00788nam a2200181 4500
001 - NÚMERO DE CONTROL
campo de control 139809
003 - IDENTIFICADOR DE NÚMERO DE CONTROL
campo de control ES-MaACL
005 - FECHA Y HORA DE LA ÚLTIMA TRANSACCIÓN
campo de control 20230906195919.0
007 - CAMPO FIJO DE DESCRIPCIÓN FÍSICA--INFORMACIÓN GENERAL
campo de control de longitud fija t|
008 - DATOS DE LONGITUD FIJA--INFORMACIÓN GENERAL
campo de control de longitud fija 070214s1972 sp r ||||1| spa d
100 1# - ENTRADA PRINCIPAL--NOMBRE DE PERSONA
Nombre de persona Schirren, Carl.
9 (RLIN) 104384
245 10 - MENCIÓN DEL TÍTULO
Título Andrología práctica
Resto del título : información e indicaciones prácticas para el médico en el ejercicio profesional : diagnóstico, exploración clínica, morfología de los espermatozoides, bioquímica del espermoplasma, histología testicular, tratamiento /
Mención de responsabilidad, etc. por Carl Schirren ; [versión... J. L. Serrano Salagaray].
250 ## - MENCION DE EDICION
Mención de edición 1ª ed.
260 ## - PUBLICACIÓN, DISTRIBUCIÓN, ETC.
Lugar de publicación, distribución, etc. Madrid [etc.] :
Nombre del editor, distribuidor, etc. Alhambra,
Fecha de publicación, distribución, etc. 1972.
300 ## - DESCRIPCIÓN FÍSICA
Extensión 94 p., 2 lám. col. :
Otras características físicas il. ;
Dimensiones 25 cm.
700 1# - ENTRADA AGREGADA--NOMBRE PERSONAL
Nombre de persona Serrano Salagaray, J. L.
9 (RLIN) 105795
852 ## - LOCALIZACIÓN
Ubicación ES-MaACL
Número de control de estantería C-44002
Sublocalización o colección R.83935
Holdings
Estatus retirado Estado de pérdida Estado de daño No para préstamo Biblioteca de origen Biblioteca actual Ubicación en estantería Fecha de adquisición Fuente de adquisición Total de préstamos Signatura topográfica completa Código de barras Visto por última vez Precio de reemplazo Tipo de ítem Koha
        Biblioteca del Ateneo de Madrid Biblioteca del Ateneo de Madrid Depósito 2 17/01/2008     C-44002 1145490 23/02/2023 23/02/2023 Libro impreso